Countries of North America by last Three Letters - Statistics

General Stats
  • This quiz has been taken 43 times
  • The average score is 21 of 23
Answer Stats
Country % Correct
Canada
100%
Cuba
100%
Grenada
100%
Mexico
100%
Costa Rica
97%
Dominica
97%
Jamaica
97%
Nicaragua
94%
Saint Lucia
94%
Bahamas
91%
Dominican Republic
91%
El Salvador
91%
Panama
91%
Saint Kitts and Nevis
91%
United States
91%
Antigua and Barbuda
88%
Barbados
88%
Belize
88%
Honduras
88%
Saint Vincent and the Grenadines
88%
Trinidad and Tobago
88%
Guatemala
85%
Haiti
85%
No matching quizzes found
Score Distribution
Percent of People with Each Score
Percentile by Number Answered
Your Score History
You have not taken this quiz